Statistiques concernant Harry Potter: les Glaces à l'Ennemi

Cliquez ici pour prendre le quiz!

Statistiques générales

  • Ce quiz a été pris 24 fois
  • Le résultat moyen est 3 sur 5

Statistiques - réponses

InformationRéponses% Correct
Première apparitionHarry Potter et la Coupe de Feu
85%
Dernière apparitionHarry Potter et l'Ordre du Phenix
85%
Proprétaire connuBarty Croupton Jr
75%
ButSavoir quand un ennemi est proche
55%
Propriétaires connusArmée de Dumbledore
45%

Distribution des résultats

Percentile par nombre de réponses

% des personnes avec chaque résultat

Votre développement - résultats

Vous n’avez pas pris ce quiz